000 00602nam a2200193Ia 4500
008 090124s9999 xx 000 0 und d
082 _b41050
100 _aकरंदीकर विंदा
245 _a आदिमाया
250 _a0
260 _bग्रंथाली प्रकाशन
_c1990
300 _a129
600 _aकरंदीकर विंदा
630 _a आदिमाया
700 _aराजाध्यक्ष विजया
700 _aकरंदीकर विंदा
730 _a आदिमाया
942 _cBOOK
999 _c108951
_d108951